| 000 | 00601nam a22001817a 4500 | ||
|---|---|---|---|
| 005 | 20251108172642.0 | ||
| 008 | 250721s9999 xx 000 0 ara d | ||
| 082 | 1 | 4 | _a291/خال |
| 100 | 1 | _aخالد، خالد محمد | |
| 245 | 1 | 0 | _aمعا عاى الطريق : محمد و المسيح (( الإنبياء أخوة أمهاتهم شتى ودينهم واحد )) / |
| 264 | 1 |
_aبيروت : _bدار العلم للملايين، |
|
| 300 | _a215 ص | ||
| 650 | 1 | 7 | _aالإسلام |
| 650 | 1 | 7 | _aالمسيحية |
| 650 | 1 | 7 | _aالدين المقارن |
| 942 |
_2ddc _cBK |
||
| 999 |
_c85046 _d85046 |
||